Využitie geotermálnej energie ako obnoviteľného zdroja

Klasifikácia zdrojov geotermálnej energie. Energetická politika Slovenska. Využívanie geotermálnej energie na Slovensku. Geotermálne energetické systémy. Spôsoby využívania geotermálnej energie. Odberné miesta.

Saved in:
Bibliographic Details
Main Author: Takács, Ján
Format: Book Chapter
Language:Slovak
Subjects:
Tags: Add Tag
No Tags, Be the first to tag this record!

MARC

LEADER 00000naa$a2200000$$$4500
001 0091295
005 20231128132552.9
041 0 |a slo 
044 |a SK 
245 1 0 |a Využitie geotermálnej energie ako obnoviteľného zdroja  |c Ján Takács 
520 |a Klasifikácia zdrojov geotermálnej energie. Energetická politika Slovenska. Využívanie geotermálnej energie na Slovensku. Geotermálne energetické systémy. Spôsoby využívania geotermálnej energie. Odberné miesta. 
610 2 0 |a energia geotermálna 
610 2 0 |a využitie energie 
610 2 0 |a Slovensko 
100 1 |a Takács, Ján